LEADER 01885nam0 2200397 i 450 001 SUN0115109 005 20180301101830.610 010 $d0.00 017 70$2N$a978-3-319-41330-3 100 $a20180221d2016 |0engc50 ba 101 $aeng 102 $aCH 105 $a|||| ||||| 200 1 $a*Numerical semigroups and applications$fAbdallah Assi, Pedro A. García-Sánchez 205 $a[Cham] : Springer : Real Sociedad Matemática Española, 2016 210 $aXIV$d106 p.$cill. ; 24 cm 215 $aPubblicazione in formato elettronico 410 1$1001SUN0115110$12001 $a*RSME Springer series$v1$1210 $aBerlin$cSpringer$cReal Sociedad Matemática Española. 606 $a14-XX$xAlgebraic geometry [MSC 2020]$2MF$3SUNC019702 606 $a20M05$xFree semigroups, generators and relations, word problems [MSC 2020]$2MF$3SUNC019714 606 $a20-XX$xGroup theory and generalizations [MSC 2020]$2MF$3SUNC019715 606 $a14G50$xApplications to coding theory and cryptography of algebraic geometry [MSC 2020]$2MF$3SUNC020731 606 $a14H50$xPlane and space curves [MSC 2020]$2MF$3SUNC023709 606 $a13F25$xFormal power series rings [MSC 2020]$2MF$3SUNC024022 606 $a20M14$xCommutative semigroups [MSC 2020]$2MF$3SUNC029151 620 $aCH$dCham$3SUNL001889 700 1$aAssi$b, Abdallah$3SUNV089106$0756018 701 1$aGarcía-Sánchez$b, Pedro A.$3SUNV089107$0756019 712 $aSpringer$3SUNV000178$4650 712 $aReal Sociedad Matemática Española$3SUNV010175$4650 801 $aIT$bSOL$c20201012$gRICA 856 4 $uhttp://dx.doi.org/10.1007/978-3-319-41330-3 912 $aSUN0115109 950 $aBIBLIOTECA CENTRO DI SERVIZIO SBA$d15CONS SBA EBOOK 2421 $e15EB 2421 20180221 996 $aNumerical semigroups and applications$91523528 997 $aUNICAMPANIA LEADER 02117nas 2200721-a 450 001 996197982903316 005 20221226225827.0 011 $a1432-0746 035 $a(OCoLC)39931751 035 $a(CKB)954922828210 035 $a(CONSER)--2001227023 035 $a(DE-599)ZDB1458466-9 035 $a(EXLCZ)99954922828210 100 $a19980925a19699999 s-- - 101 0 $aeng 135 $aurmn||||||||| 181 $ctxt$2rdacontent 182 $cc$2rdamedia 183 $acr$2rdacarrier 200 00$aAstronomy and astrophysics 210 $aBerlin ;$aNew York $cSpringer-Verlag 210 3 $aParis, France $cEDP Sciences 215 $a1 online resource 300 $aRefereed/Peer-reviewed 311 $aAstronomy and astrophysics 0004-6361 517 3 $aAstronomy & astrophysics 517 1 $aA & A 531 $aASTRON ASTROPHYS 531 $aASTRON ASTR 531 $aASTRONOMY & ASTROPHYSICS 531 $aASTRON. ASTROPHYS 606 $aAstronomy$vPeriodicals 606 $aAstrophysics$vPeriodicals 606 $aAstronomie$vPériodiques 606 $aAstrophysique$vPériodiques 606 $a33.95 astrophysics$2bcl 606 $a39.00 astronomy: general$2bcl 606 $aAstronomy$2fast$3(OCoLC)fst00819673 606 $aAstrophysics$2fast$3(OCoLC)fst00819797 606 $aSterrenkunde$2gtt 606 $aAstrofysica$2gtt 606 $a33.95 astrophysics$2nbc 606 $a39.00 astronomy: general$2nbc 608 $aPeriodicals.$2fast 615 0$aAstronomy 615 0$aAstrophysics 615 6$aAstronomie 615 6$aAstrophysique 615 7$a33.95 astrophysics. 615 7$a39.00 astronomy: general. 615 7$aAstronomy. 615 7$aAstrophysics. 615 17$aSterrenkunde. 615 17$aAstrofysica. 615 7$a33.95 astrophysics. 615 7$a39.00 astronomy: general. 712 02$aEuropean Southern Observatory. 712 02$aSpringer-Verlag. 712 02$aEDP Sciences. 906 $aJOURNAL 912 $a996197982903316 996 $aAstronomy and astrophysics$9264699 997 $aUNISA LEADER 02254nam 2200601 450 001 9910787237503321 005 20230725060726.0 010 $a92-9092-201-X 035 $a(CKB)3710000000316599 035 $a(SSID)ssj0000746262 035 $a(PQKBManifestationID)11474099 035 $a(PQKBTitleCode)TC0000746262 035 $a(PQKBWorkID)10863302 035 $a(PQKB)10151507 035 $a(MiAaPQ)EBC3110924 035 $a(WaSeSS)Ind00044415 035 $a(Au-PeEL)EBL3110924 035 $a(CaPaEBR)ebr10906362 035 $a(CaONFJC)MIL784370 035 $a(OCoLC)922978313 035 $a(EXLCZ)993710000000316599 100 $a20140829h20102010 uy 0 101 0 $aeng 135 $aurcnu|||||||| 181 $ctxt 182 $cc 183 $acr 200 10$aPayments for ecological services and eco-compensation $epractices and innovations in the People's Republic of China : proceedings from the International Conference on Payments for Ecological Services, Ningxia Hui Autonomous Region, People's Republic of China, 6-7 September 2009 /$fedited by Qingfeng Zhang [and three others] 210 1$aMetro Manila, Philippines :$cAsian Development Bank,$d2010. 210 4$d©2010 215 $a1 online resource (212 pages) $cillustrations, charts, tables 300 $aBibliographic Level Mode of Issuance: Monograph 311 $a92-9092-209-5 320 $aIncludes bibliographical references at the end of each chapters. 606 $aEnvironmental policy$zChina$vCongresses 606 $aPayments for ecosystem services$zChina$vCongresses 606 $aEcosystem management$xEconomic aspects$zChina 606 $aEnvironmental economics$vCongresses 615 0$aEnvironmental policy 615 0$aPayments for ecosystem services 615 0$aEcosystem management$xEconomic aspects 615 0$aEnvironmental economics 676 $a363.70951 702 $aZhang$b Qingfeng 712 02$aAsian Development Bank. 712 02$aNational Development and Reform Commission. 801 0$bMiAaPQ 801 1$bMiAaPQ 801 2$bMiAaPQ 906 $aBOOK 912 $a9910787237503321 996 $aPayments for ecological services and eco-compensation$93830852 997 $aUNINA